Loading...
| Current Events | 5 | 20.00 | 100% | 80% | 20% |
| Fine Arts - Classical Music | 6 | 18.33 | 100% | 67% | 17% |
| Fine Arts - Other | 8 | 20.00 | 100% | 88% | 13% |
| Fine Arts - Painting and Sculpture | 4 | 15.00 | 100% | 25% | 25% |
| Geography | 5 | 18.00 | 100% | 40% | 40% |
| History - American | 5 | 24.00 | 100% | 100% | 40% |
| History - European | 3 | 16.67 | 100% | 67% | 0% |
| History - Other | 6 | 18.33 | 100% | 67% | 17% |
| History - World | 8 | 21.25 | 100% | 100% | 13% |
| Literature - Drama | 3 | 20.00 | 100% | 67% | 33% |
| Literature - Long Fiction | 7 | 22.86 | 100% | 100% | 29% |
| Literature - Misc | 2 | 30.00 | 100% | 100% | 100% |
| Literature - Poetry | 2 | 20.00 | 100% | 100% | 0% |
| Literature - Short Fiction | 2 | 20.00 | 100% | 100% | 0% |
| Mythology | 6 | 13.33 | 100% | 33% | 0% |
| Other Academic | 5 | 16.00 | 80% | 80% | 0% |
| Philosophy | 6 | 21.67 | 100% | 83% | 33% |
| Religion | 5 | 20.00 | 100% | 40% | 60% |
| Science - Biology | 6 | 15.00 | 100% | 33% | 17% |
| Science - Chemistry | 6 | 16.67 | 100% | 67% | 0% |
| Science - Other | 4 | 20.00 | 100% | 75% | 25% |
| Science - Physics | 6 | 15.00 | 100% | 50% | 0% |
| Short Fiction and Other | 4 | 27.50 | 100% | 100% | 75% |
| Social Science | 10 | 24.00 | 90% | 100% | 50% |